Powiaty w Polsce bez kolei pasażerskiej - Statystyki

Ogólne statystyki
  • Ten quiz został rozwiązany 32 razy
  • Średni wynik to 8 z 37
Statystyki odpowiedzi
Odpowiedź % Poprawnych
Łomża
47%
Jastrzębie-Zdrój
42%
staszowski
42%
bełchatowski
37%
gołdapski
37%
lipski
37%
makowski
37%
olecki
37%
przasnyski
32%
zwoleński
32%
brzozowski
26%
kolneński
26%
policki
26%
proszowicki
26%
Siemianowice Śląskie
26%
węgorzewski
26%
złotoryjski
26%
żuromiński
26%
pajęczański
21%
Piekary Śląskie
21%
pyrzycki
21%
sokołowski
21%
dąbrowski
16%
głubczycki
16%
poddębicki
16%
śremski
16%
limanowski
11%
mrągowski
11%
nowodworski
11%
sępoleński
11%
turecki
11%
górowski
5%
myślenicki
5%
opolski
5%
rawski
5%
zambrowski
5%
żniński
5%
Nie znaleziono quizów pasujących do podanych kryteriów
Rozkład punktacji
Procent ludzi z każdym wynikiem
Percentyl według liczby udzielonych odpowiedzi
Twoja historia wyników
Nie rozwiązałeś tego quizu